| 000 | 00353nam a2200133Ia 4500 | ||
|---|---|---|---|
| 008 | 240624s9999 xx 000 0 und d | ||
| 041 | _aeng | ||
| 082 | _a530 PAN | ||
| 100 | _aPANDA N C | ||
| 245 | _aMAYA IN PHYSICS | ||
| 260 |
_c2005 _aDelhi _bMotilal Banarsidass Publishers Private Limited |
||
| 300 | _axxiv, : 455 : p. : cm. ; 22 | ||
| 365 |
_cRS _b15 |
||
| 999 |
_c14627 _d14627 |
||